[Event "Canberra Sunday Summer"]
[Site "Canberra"]
[Date "2021.01.31"]
[Round "4"]
[White "Press, Shaun"]
[Black "Forace, Lee"]
[Result "1-0"]
[WhiteElo "1951"]
[BlackElo "1648"]
[PlyCount "33"]
[EventDate "2021.01.10"]
[EventType "swiss"]
[EventRounds "7"]
[EventCountry "AUS"]
[SourceTitle "EXT 2022"]
[Source "ChessBase"]
[SourceDate "2021.10.06"]
[SourceVersion "1"]
[SourceVersionDate "2021.10.06"]
[SourceQuality "1"]

1. d4 Nf6 2. Nf3 e6 3. c4 c5 4. g3 cxd4 5. Bg2 Nc6 6. Nxd4 Bb4+ 7. Bd2 Qa5 8. Nb3 Bxd2+ 9. N1xd2 Qh5 10. 0-0 b6 11. Ne4 Nxe4 12. Bxe4 0-0 13. e3 Qe5 14. Qc2 Nb4 15. Bxh7+ Kh8 16. Qe4 Qb8 17. Qh4 1-0

[Event "Oceania zt"]
[Site "Tumon"]
[Date "2019.02.20"]
[Round "5"]
[White "Camer, Angelito"]
[Black "Press, Shaun"]
[Result "0-1"]
[WhiteElo "2083"]
[BlackElo "1904"]
[PlyCount "54"]
[EventDate "2019.02.18"]
[EventType "swiss"]
[EventRounds "9"]
[EventCountry "GMA"]
[SourceTitle "CBM 189 Extra"]
[Source "ChessBase"]
[SourceDate "2019.06.03"]
[SourceVersion "1"]
[SourceVersionDate "2019.06.03"]
[SourceQuality "1"]

1. d4 d5 2. Nf3 Nf6 3. c4 dxc4 4. Nc3 a6 5. a4 e6 6. e4 Bb4 7. Bg5 h6 8. Bxf6 Qxf6 9. Bxc4 0-0 10. 0-0 Nc6 11. Qb3 Bxc3 12. Qxc3 Rd8 13. Rad1 a5 14. Bb5 Bd7 15. Rfe1 Be8 16. Re3 Qe7 17. b3 Nb4 18. Bxe8 Rxe8 19. Ne5 Red8 20. Rc1 Rac8 21. h3 c5 22. Rf3 Na2 23. Qd2 Nxc1 24. Rxf7 Qxf7 25. Nxf7 Kxf7 26. Qxc1 cxd4 27. Qf4+ Kg8 0-1

[Event "Olympiad-43"]
[Site "Batumi"]
[Date "2018.09.24"]
[Round "1.60"]
[White "Godart, Francois"]
[Black "Press, Shaun"]
[Result "1-0"]
[WhiteElo "2431"]
[BlackElo "1935"]
[PlyCount "77"]
[EventDate "2018.09.24"]
[EventType "team-swiss"]
[EventRounds "11"]
[EventCountry "GEO"]
[SourceTitle "CBM 187"]
[Source "ChessBase"]
[SourceDate "2018.12.11"]
[SourceVersion "1"]
[SourceVersionDate "2018.12.11"]
[SourceQuality "1"]
[WhiteTeam "Belgium"]
[BlackTeam "Papua New Guinea"]
[WhiteTeamCountry "BEL"]
[BlackTeamCountry "PNG"]

1. d4 d5 2. Nf3 Nf6 3. c4 dxc4 4. e3 Bg4 5. Bxc4 e6 6. Nc3 Nbd7 7. h3 Bh5 8. e4 Nb6 9. Be2 Be7 10. Be3 0-0 11. 0-0 c6 12. a4 Rc8 13. a5 Nbd7 14. Qb3 b5 15. axb6 Qxb6 16. Qxb6 axb6 17. Ra7 Rfd8 18. Ba6 Ra8 19. Rxa8 Rxa8 20. Bb7 Ra7 21. Bxc6 Rc7 22. Bb5 Bb4 23. Bf4 Ra7 24. Bc6 Bxc3 25. bxc3 Bg6 26. Nd2 Ra3 27. Rc1 Nf8 28. f3 N6d7 29. Bd6 Ra2 30. Nc4 f6 31. d5 exd5 32. exd5 Bd3 33. Na3 Nc5 34. Bxc5 bxc5 35. Nb5 Rb2 36. c4 Kf7 37. Nd6+ Ke7 38. Nb7 Ng6 39. d6+ 1-0

[Event "Asia-ch Seniors 50 8th"]
[Site "Auckland"]
[Date "2017.10.11"]
[Round "4"]
[White "Shakya, Rabindra"]
[Black "Press, Shaun"]
[Result "1/2-1/2"]
[WhiteElo "1947"]
[BlackElo "1935"]
[PlyCount "71"]
[EventDate "2017.10.09"]
[EventType "swiss"]
[EventRounds "9"]
[EventCountry "NZL"]
[SourceTitle "CBM 181 Extra"]
[Source "ChessBase"]
[SourceDate "2017.12.12"]
[SourceVersion "1"]
[SourceVersionDate "2017.12.12"]
[SourceQuality "1"]

1. e4 e5 2. Nf3 Nc6 3. Bb5 a6 4. Ba4 Nf6 5. 0-0 Be7 6. Re1 b5 7. Bb3 0-0 8. c3 d5 9. exd5 Nxd5 10. d4 exd4 11. Nxd4 Nxd4 12. Qxd4 Nf6 13. Qxd8 Bxd8 14. Bg5 Bb7 15. Nd2 h6 16. Bh4 c5 17. Rad1 Re8 18. Nf1 Rxe1 19. Rxe1 Kf8 20. Ne3 Ne4 21. Bg3 Nxg3 22. hxg3 c4 23. Bc2 Bb6 24. Nf5 Rd8 25. Rd1 Rxd1+ 26. Bxd1 Be4 27. Nh4 Ke7 28. Kf1 Kd6 29. Nf3 Bb1 30. a4 Be4 31. axb5 axb5 32. Ne1 Bc5 33. f3 Bd5 34. Ke2 Be6 35. Bc2 Bd5 36. Bb1 1/2-1/2

[Event "Gibraltar Masters 15th"]
[Site "Caleta"]
[Date "2017.01.27"]
[Round "4"]
[White "Press, Shaun"]
[Black "Osuna Vega, Enrique"]
[Result "1/2-1/2"]
[WhiteElo "1970"]
[BlackElo "2181"]
[PlyCount "80"]
[EventDate "2017.01.24"]
[EventType "swiss"]
[EventRounds "10"]
[EventCountry "GGB"]
[SourceTitle "CBM 177"]
[Source "ChessBase"]
[SourceDate "2017.03.16"]
[SourceVersion "1"]
[SourceVersionDate "2017.03.16"]
[SourceQuality "1"]

1. e4 d6 2. d4 Nf6 3. Nc3 e5 4. Nf3 Nbd7 5. Bc4 Be7 6. 0-0 0-0 7. h3 c6 8. a4 a5 9. Be3 Nb6 10. Bb3 Nfd7 11. Qe2 exd4 12. Bxd4 Nc5 13. Bxc5 dxc5 14. Rfd1 Qc7 15. Nd2 Bf6 16. Nc4 Nxc4 17. Bxc4 Bd4 18. Rd3 Kh8 19. Rf1 f5 20. exf5 Bxf5 21. Rf3 Bg6 22. Rxf8+ Rxf8 23. Nd1 Re8 24. Qd2 Be4 25. Bd3 Bxd3 26. Qxd3 Qe7 27. c3 Bf6 28. Ne3 Rd8 29. Qc2 Bg5 30. Re1 b5 31. Kf1 Qc7 32. Qf5 Bxe3 33. Rxe3 h6 34. Qxc5 Qh2 35. Ke2 Qxg2 36. axb5 Qh1 37. Rd3 Re8+ 38. Re3 Rd8 39. Rd3 Re8+ 40. Re3 Rd8 1/2-1/2

[Event "Harrogate 4NCL op 12th"]
[Site "Harrogate"]
[Date "2017.01.07"]
[Round "2"]
[White "Hilton, Tim"]
[Black "Press, Shaun"]
[Result "1-0"]
[WhiteElo "1786"]
[BlackElo "1970"]
[PlyCount "85"]
[EventDate "2017.01.06"]
[EventType "swiss"]
[EventRounds "5"]
[EventCountry "ENG"]
[SourceTitle "CBM 176 Extra"]
[Source "ChessBase"]
[SourceDate "2017.03.02"]
[SourceVersion "1"]
[SourceVersionDate "2017.03.02"]
[SourceQuality "1"]

1. c4 Nf6 2. g3 e5 3. Bg2 c6 4. Nf3 e4 5. Nd4 d5 6. cxd5 cxd5 7. 0-0 Bc5 8. Nb3 Bb6 9. Nc3 Nc6 10. d3 exd3 11. Qxd3 Ne5 12. Qd1 Be6 13. Nd4 0-0 14. Na4 h6 15. b3 Rc8 16. Bb2 Bxd4 17. Qxd4 Nc6 18. Qd2 Ne4 19. Qe3 Re8 20. Rfd1 Qg5 21. Qxg5 Nxg5 22. Nc3 Rcd8 23. Kf1 Rd7 24. Nxd5 Red8 25. Ne3 Nb4 26. Rxd7 Rxd7 27. Bc3 Nd5 28. Nxd5 Bxd5 29. Bxd5 Rxd5 30. f3 Ne6 31. Ke1 Rh5 32. h4 Rc5 33. Rc1 a6 34. Bb2 Ra5 35. a3 Rb5 36. b4 a5 37. Rc3 a4 38. Rc8+ Kh7 39. Ra8 Nc7 40. Rxa4 Rd5 41. Ra7 Rb5 42. Kd2 f6 43. Bc3 1-0

[Event "London Classic op U2050-B 8th"]
[Site "London"]
[Date "2016.12.12"]
[Round "1"]
[White "Press, Shaun"]
[Black "Patel, Rishi"]
[Result "1-0"]
[WhiteElo "1994"]
[BlackElo "1772"]
[PlyCount "87"]
[EventDate "2016.12.12"]
[EventType "swiss"]
[EventRounds "5"]
[EventCountry "ENG"]
[SourceTitle "EXT 2019"]
[Source "ChessBase"]
[SourceDate "2018.10.10"]
[SourceVersion "1"]
[SourceVersionDate "2018.10.10"]
[SourceQuality "1"]

1. e4 e5 2. Nf3 Nc6 3. Nc3 Nf6 4. Bb5 Bc5 5. 0-0 Qe7 6. d3 h6 7. Be3 Nd4 8. Bc4 d6 9. h3 a6 10. Bxd4 Bxd4 11. Nxd4 exd4 12. Ne2 c5 13. Nf4 0-0 14. Ng6 Qd7 15. Nxf8 Kxf8 16. f4 d5 17. Bxd5 Nxd5 18. exd5 Qxd5 19. Qf3 Qe6 20. a3 Qb6 21. b3 Bd7 22. Rae1 Bc6 23. Qf2 Qa5 24. a4 Qc3 25. g4 b5 26. axb5 axb5 27. Re2 Bd5 28. Qe1 Qb2 29. c4 Qxb3 30. cxd5 Qxd3 31. Kh2 b4 32. d6 Qb5 33. Re7 Qc6 34. d7 Ra2+ 35. Re2 Rxe2+ 36. Qxe2 Qxd7 37. Qc4 Qd6 38. Kg2 Qc6+ 39. Kg1 Qc7 40. Rc1 Qxf4 41. Qxc5+ Kg8 42. Qc8+ Kh7 43. Qf5+ Qxf5 44. gxf5 1-0